000 00744nam a2200205 a 4500
001 000020080
005 20200929170246.0
008 100720s2010 dr a 000 0 spa d
020 _a9789592106451
040 _aDO-SdBNP
_bspa
_cBNPHU
082 _axxx
_bM714p
100 1 _aMoiséev, Alexander N.,
_d1949-
_942657
245 1 0 _aEn pos de los libros :
_bapuntes de un lector ruso /
_cAlexander N. Moiséev, edición María Luisa García Moreno.
260 _aLa Habana :
_bCasa Editora Abril,
_c2010.
300 _a150 p. :
_bil. ; retrs. ;
_c21 cm.
500 _aIncluye datos biográficos del autor en la páginas149-150
500 _aIncluye notas al pie de páginas
700 1 _aGarcía Moreno, María Luisa
_eed.
_941934
049 _aBNPD
999 _c19588
_d19588